Statistiques concernant Calcul mental instantané #Bonus2

Cliquez ici pour prendre le quiz!

Statistiques générales

  • Ce quiz a été pris 682 fois
  • Le résultat moyen est 33 sur 50

Statistiques - réponses

#OpérationsRéponses% Correct
2- 2997
100%
11000 - 1999
100%
5- 5985
98%
4- 4990
98%
3- la moitié de 6994
98%
7- 7972
97%
6- 6979
97%
8- 8964
96%
12- 12922
95%
11- 11934
95%
10- 10
(On dirait une pause tellement c'est facile)
945
95%
9- 9955
95%
13- 13909
93%
15- 15880
91%
14- 14895
91%
16- 16864
90%
17- 17
(pas si facile les soustractions...)
847
89%
20- Vingt790
88%
19- 19
(enfin ça dépend...)
810
88%
18- 18829
88%
21- 21769
86%
22- 22747
85%
24- 24
(Si là, ça vous demande du temps, arrêtez...)
700
83%
23- 23724
83%
25- 25675
81%
26- 26649
79%
27- 27622
77%
28- 28594
75%
29- 29
(oh le Finistère)
565
70%
30- 30535
69%
31- 31504
67%
32- 32472
60%
33- 33439
55%
34- (+ 34)
(Vous l'avez...?)
405
51%
35- 35370
50%
36- 36334
45%
37- 37297
42%
38- 38259
38%
39- 39220
37%
40- le numéros des Landes180
32%
41- 41139
31%
42- 4297
27%
43- 4354
24%
44- le double de 2210
22%
45Soustrayez 45-35
20%
46- 46-81
19%
47- 47-128
17%
48- 48-176
15%
49- 49
(presque fini... ou pas!)
-225
13%
50- 50 - 51 - 52 - 53 - 54 - 55
(J'aime les pièges...)
-540
8%

Distribution des résultats

Percentile par nombre de réponses

% des personnes avec chaque résultat

Votre développement - résultats

Vous n’avez pas pris ce quiz